|
|
|
|
| LEADER |
00000cam a2200000 7i4500 |
| 001 |
0000003168 |
| 005 |
20050308.0 |
| 020 |
0 |
0 |
|a 9832031397
|
| 090 |
0 |
0 |
|a 005.72
|b ISK
|
| 100 |
0 |
0 |
|a Iskandar Ab Rashid
|
| 245 |
0 |
0 |
|a Developing web site using microsoft word :
|b step-by-step
|c Iskandar Ab Rashid, Zaitun Ismail
|
| 260 |
0 |
0 |
|a Kuala Lumpur :
|b Venton Pub.
|
| 300 |
|
|
|a iv, 264p. :
|b ill. ;
|c 25cm.
|
| 650 |
0 |
0 |
|a HTML (Document markup language)
|
| 650 |
0 |
0 |
|a Web site development
|
| 650 |
0 |
0 |
|a Web sites
|x Design
|
| 700 |
0 |
1 |
|a Zaitun Ismail
|
| 999 |
|
|
|a 0000005540
|b Monograph
|c Open Shelf
|e Default branch
|